Traditional hats worn around the World - Statistics

General Stats
  • This quiz has been taken 42 times
    39 since last reset
  • The average score is 8 of 11
Answer Stats
Picture Answer % Correct
Asia
97%
England
97%
Russia
92%
Scotland
86%
USA Illinois
81%
India
73%
Ireland
70%
Turkey
70%
Australia
65%
Poland
41%
Greece
27%
No matching quizzes found
Score Distribution
Percent of People with Each Score
Percentile by Number Answered
Your Score History
You have not taken this quiz since the last reset